000 00848cam a22002897a 4500
003 CHAP
005 20220329135040.0
008 971013s r 00010 d
010 _a30119
011 _a31091
035 _a35203
040 _cCHAP
090 _aR-1521
100 0 0 _aLipman, Aaron.
_967031
245 1 4 _aThe colombian violencia
_b: an ex post facto experiment
490 0 _aLTC Reprint
_v; 15
500 _aSobretiro de: Social Forces 44(2):238-245, 1965.
590 _aBATCH-UPD
_b10
_c20130110
_lUCH01
_h1755
590 _aCONVERSION
_b10
_c20130109
_lUCH01
_h1317
650 1 4 _aViolencia.
_9119891
700 0 _aHavens, A. Eugene.
_953116
710 _aLand Tenure Center. Madison, Wis.
_964637
830 0 _aLTC Reprint
_v; 15
_968831
901 _aBK
942 _cREIMP
949 _aR-1521
_bBC
_cR
_d-81326
_eTS1
_i35203
_si
999 _c30119
_d30119